01048nam a2200157Ia 450000500170000000800410001702000180005805000230007610000350009924500890013426000350022330000180025850400420027650505590031865000130087720231102151113.0120626s2008 mx 000 0 spa d a978970077738214aHG185.M4bM45 20081 aMéjan, Luis Manuel C.eautor10aSistema financiero mexicanob : Instituciones jurídicasc / Luis Manuel C. Méjan3 aMéxicob : Porrúac , 2008 a429 páginas aIncluye: Bibliografía (pp. 423-429)2 aObjeto del sistema financiero, mercado e intermediación Formación y principios rectores del sistema financiero Composición del sistema financiero mexicano La agrupación financiera Las autoridades reguladoras Aspectos corporativos Los contratos en el sistema financiero mexicano Los contratos de garantía Contratación por medios electrónicos La protección de los intereses del público Los delitos y las infracciones financieros Otras instituciones corporativas del sistema financiero Otras instituciones operativas del sistema financiero14aFINANZAS